| 000 | 01114nam a22003137a 4500 | ||
|---|---|---|---|
| 003 | CHAP | ||
| 005 | 20220329141635.0 | ||
| 008 | 971013s1991 r 00010 d | ||
| 010 | _a71483 | ||
| 011 | _a72455 | ||
| 035 | _a82010 | ||
| 040 | _cCHAP | ||
| 082 |
_a027.7 _bU55 |
||
| 110 |
_aUniversidad de Guanajuato. Dirección General de Bibliotecas _9116434 |
||
| 245 |
_aProblemas y retos para la modernización de las bibliotecas universitarias _b: caso de la Universidad de Guanajuato |
||
| 260 |
_aGuanajuato, Gto. : _bLa Universidad, _c1991 |
||
| 300 | _a101 h. | ||
| 590 |
_aBATCH-UPD _b10 _c20130110 _lUCH01 _h0620 |
||
| 590 |
_aBATCH-UPD _b10 _c20130410 _lUCH01 _h0303 |
||
| 590 |
_aBATCH-UPD _b10 _c20130914 _lUCH01 _h0623 |
||
| 590 |
_aBATCH-UPD _b10 _c20130914 _lUCH01 _h2130 |
||
| 590 |
_aCONVERSION _b10 _c20130109 _lUCH01 _h1339 |
||
| 650 | 1 | 4 |
_aBibliotecas universitarias _xAdministración. _912563 |
| 650 | 1 | 4 |
_aBibliotecas _xAutomatización. _912495 |
| 650 | 1 | 4 |
_aPolítica bibliotecaria _xGuanajuato. _990447 |
| 901 | _aBK | ||
| 942 | _cLIBRO | ||
| 949 |
_a027.7 U55 _bBC _cB _d-35804 _eB _h86577 _i82010 _si |
||
| 999 |
_c71483 _d71483 |
||